01946nam a2200289 i 4500003000900000005001700009007000300026008004100029020001800070040003000088082001800118100004000136245005000176264004900226300002700275336002700302337003300329338002800362500007100390520084800461590002701309910001401336942001401350952013501364952014001499999001701639DO-SdBNP20250527113124.0ta250527b2024 dr ||||| |||| 00| 0 spa d a9789945654851 aDO-SdBNPbspacBNPHUerda axxxbS456222 aSegura, Orlandoeautor4aut.94331104aLos tortolitos del sótano /cOrlando Segura 1aSanto Domingo :bEditorial Santuario,c2024. a54 páginas ;c22 cm. atextobtxt2rdacontent asin mediaciónbn2rdamedia avolumenbnc2rdacarrier aIncluye datos biografícos del autor en la solapa de la portada.  aEl cura Clementino acompañó a Aquiles al cementerio, pero se negó a darle cristiana sepultura a la Patrona. Los secuaces procedieron a enterrarla de pie dejando la cabeza al descubierto. ¡Pobre Clotilde! El cura Clementino estaba nervioso, se mordía los labios. Aquiles temblaba de miedo, dejó caer la cruz de palo y salió corriendo sin las muletas, detrás iba el cura como una gacela a pesar de su avanzada edad. El espíritu maligno de Clotilde levantó una polvareda amarilla, asustando más a los corredores. El cura sufrió un ataque de nervios, iba corriendo y rezando: ¡Deus mío! ¡Madre mía! ¡Ay de mí! ¡Deus ayúdame a salir de este embrollo. Llegó temblando a la Iglesia y se escondió detrás del altar, la misa dominical fue suspendida. El cura regresó a su pueblo predicando la palabra de Dios.  aInventariado, 2025/ YL aYLockward 2ddccLBS1 00102ddc51708PDaBNPHUbBNPHUcCTd2025-04-07eDepósito Legall0oBNPHU PD xxx S456p2025-2793r2025-04-07w2025-04-07yLBS1 00102ddc51708PDaBNPHUbBNPHUcCTd2025-04-07eDepósito Legall0oBNPHU PD xxx S456p2025-2794r2025-04-07te.2w2025-04-07yLBS1 c58643d58643